| 000 | 00658cam a22002413a 4500 | ||
|---|---|---|---|
| 001 | 80 | ||
| 003 | PGUSA | ||
| 005 | 20140828082943.0 | ||
| 008 | 930901s1993||||xxu|||||s|||||000 | eng d | ||
| 040 |
_aPGUSA _beng |
||
| 042 | _adc | ||
| 050 | 4 | _aTK | |
| 100 | 1 | _aDe Presno, Odd | |
| 245 | 1 | 4 |
_aThe Online World _h[electronic resource] / _cOdd De Presno |
| 260 |
_bProject Gutenberg, _c1993 |
||
| 500 | _aShareware | ||
| 506 | _aCopyrighted. Read the copyright notice inside this book for details. | ||
| 516 | _aElectronic text | ||
| 653 | _aInternet | ||
| 830 | 0 |
_aProject Gutenberg _v80 |
|
| 856 | 4 | 0 | _uhttp://www.gutenberg.org/ebooks/80 |
| 942 | _cEB | ||
| 999 |
_c229451 _d229451 |
||